[Event "5th Classic Open 2013"]
[Site "London ENG"]
[Date "2013.12.14"]
[Round "8.58"]
[White "Compton, Alistair"]
[Black "Nettleton, Charlie B"]
[Result "1-0"]
[WhiteElo "2101"]
[BlackElo "1913"]
[WhiteFideId "4300645"]
[BlackFideId "419710"]
[EventDate "2013.12.07"]

1. e4 e6 2. d4 d5 3. Nc3 Bb4 4. e5 Ne7 5. a3 Bxc3+ 6. bxc3 c5 7. Nf3 b6 8. Bb5+
Bd7 9. Bd3 Nbc6 10. a4 Qc7 11. O-O Na5 12. Re1 h6 13. h4 f5 14. exf6 gxf6 15. g3
Nc4 16. Bf4 Nd6 17. c4 cxd4 18. cxd5 Nxd5 19. Bg6+ Ke7 20. Bxd6+ Qxd6 21. Nxd4
Qc5 22. c4 Nc7 23. Nf5+ Kd8 24. Nd6 Ke7 25. Ne4 Qc6 26. Qf3 Raf8 27. Qa3+ Kd8
28. Nd6 f5 29. Bh5 Ne8 30. Nf7+ Rxf7 31. Bxf7 Nf6 32. Rad1 Kc7 33. a5 Ne4 34.
axb6+ Qxb6 35. c5 Qb7 36. Rb1 Qd5 37. Qxa7+ Kd8 38. c6 Qxc6 39. Rb8+ Ke7 40.
Qa3+ Kxf7 41. Rxh8 Nd2 42. Qf8+ Kg6 43. Rg8+ Kh5 44. Qf7# 1-0

[Event "5th Classic Open 2013"]
[Site "London ENG"]
[Date "2013.12.14"]
[Round "8.59"]
[White "Friedland, Jon S"]
[Black "McCarthy, Damian"]
[Result "1-0"]
[WhiteTitle "CM"]
[WhiteElo "2089"]
[BlackElo "1905"]
[WhiteFideId "408484"]
[BlackFideId "422240"]
[EventDate "2013.12.07"]

1. e4 c5 2. Nf3 g6 3. c3 Bg7 4. d4 cxd4 5. cxd4 d5 6. e5 Bg4 7. Nc3 Nc6 8. Bb5
e6 9. O-O Ne7 10. Bg5 Qb6 11. Bxe7 Kxe7 12. Bxc6 Qxc6 13. h3 Bxf3 14. Qxf3 Rhc8
15. Qf4 Kf8 16. Rfd1 Kg8 17. Rd3 b6 18. g4 a6 19. h4 Rf8 20. g5 Rfc8 21. h5 b5
22. Rf3 Ra7 23. Kg2 Rac7 24. Rh1 b4 25. hxg6 bxc3 26. gxf7+ Kf8 27. Rxh7 Qa8 28.
Rxg7 1-0

[Event "5th Classic Open 2013"]
[Site "London ENG"]
[Date "2013.12.14"]
[Round "8.60"]
[White "Sagues, Vincent"]
[Black "Buyandalai, Tumen"]
[Result "1/2-1/2"]
[WhiteElo "1904"]
[BlackElo "2074"]
[WhiteFideId "625680"]
[BlackFideId "4901916"]
[EventDate "2013.12.07"]

1. e4 d6 2. d4 Nf6 3. Nc3 g6 4. Nf3 Bg7 5. Be2 Bg4 6. h3 Bxf3 7. Bxf3 Nfd7 8.
Be3 O-O 9. O-O c5 10. Qd2 cxd4 11. Bxd4 Ne5 12. Be2 Nbc6 13. Be3 Na5 14. b3 Rc8
15. Nd5 e6 16. Nf4 Qc7 17. Rac1 b6 18. c4 Qc6 19. Bd3 Nxd3 20. Qxd3 Nb7 21. f3
Rce8 22. Ne2 Nc5 23. Qd2 f5 24. exf5 gxf5 25. Rfd1 Rd8 26. Bg5 Bf6 27. Bxf6 Rxf6
28. Qg5+ Kf7 29. Qh5+ Kg7 30. Qg5+ Kf7 31. Qh5+ Kf8 32. Qg5 Ke7 33. Qg7+ Rf7 34.
Qg5+ Kd7 35. Nd4 Qa8 36. Nb5 Nb7 37. Qf4 Qb8 38. b4 a6 39. Nxd6 Nxd6 40. c5 bxc5
41. bxc5 Ke8 42. cxd6 Qb6+ 43. Kh2 Rfd7 44. Qg5 Kf7 45. Qh5+ Kg8 46. Qg5+ Rg7
47. Qd2 Rdd7 48. Qd4 Qd8 49. Qe5 Rg6 50. Rc2 Qg5 51. Rb1 h5 52. Rb8+ Kf7 53.
Rbb2 f4 54. Qxg5 Rxg5 55. Rb6 a5 56. Rc7 Rxc7 57. dxc7 Rc5 58. Ra6 Kf6 59. c8=Q
Rxc8 60. Rxa5 e5 61. Kg1 Rc1+ 62. Kf2 Rc2+ 63. Kf1 Rb2 64. Kg1 h4 65. Kf1 Ke6
66. Kg1 Rc2 67. Kf1 Rc1+ 68. Kf2 Kd6 69. Ke2 Rb1 70. Kf2 Rc1 71. Ke2 Rc3 72. Kf2
Re3 73. a4 Ra3 74. Kf1 1/2-1/2

[Event "5th Classic Open 2013"]
[Site "London ENG"]
[Date "2013.12.14"]
[Round "8.61"]
[White "Whatley, Stephen A J"]
[Black "Bass, John W"]
[Result "1/2-1/2"]
[WhiteElo "1852"]
[BlackElo "2048"]
[WhiteFideId "420441"]
[BlackFideId "407925"]
[EventDate "2013.12.07"]

1. d4 Nf6 2. Nf3 b6 3. Bg5 Ne4 4. Bf4 e6 5. e3 Bb7 6. Bd3 d6 7. c3 Nd7 8. Qc2
Ndf6 9. O-O Be7 10. Nbd2 Nxd2 11. Nxd2 O-O 12. e4 h6 13. h3 c5 14. Rac1 Qc7 15.
Nc4 b5 16. Nd2 a6 17. e5 Qc6 18. Nf3 dxe5 19. dxe5 Nd5 20. Be4 Qb6 21. Bg3 Rfd8
22. Qe2 Bc6 23. Nd2 Qb7 24. Kh2 Rd7 25. b3 Rad8 26. Bxd5 Bxd5 27. f3 Bg5 28.
Rcd1 Bc6 29. f4 1/2-1/2

[Event "5th Classic Open 2013"]
[Site "London ENG"]
[Date "2013.12.14"]
[Round "8.62"]
[White "Burke, John S"]
[Black "Dydak, Mateusz"]
[Result "1/2-1/2"]
[WhiteElo "2045"]
[BlackElo "1901"]
[WhiteFideId "404322"]
[BlackFideId "2612305"]
[EventDate "2013.12.07"]

1. c4 f5 2. d4 Nf6 3. Nc3 g6 4. g3 Bg7 5. Bg2 O-O 6. Nh3 d6 7. d5 Na6 8. O-O Qe8
9. Be3 c6 10. f3 e5 11. Qd2 Nc7 12. Bg5 c5 13. Nf2 b5 14. cxb5 Nxb5 15. Nxb5
Qxb5 16. e4 Qb6 17. Rfc1 a5 18. b3 fxe4 19. Nxe4 Bb7 20. Bh3 Nxe4 21. fxe4 Ba6
22. Be3 Qb4 23. Bg2 Rf7 24. Rc2 h5 25. Qc3 Kh7 26. Qb2 Bh6 27. Bxh6 Kxh6 28. Rf2
Raf8 29. Rxf7 Rxf7 30. Rd1 a4 31. Qd2+ Qxd2 32. Rxd2 axb3 33. axb3 Rb7 34. Ra2
Bd3 35. Ra3 Rb4 36. Kf2 Bxe4 37. Bxe4 Rxe4 38. Ra6 Rb4 39. Rxd6 Rxb3 40. Rc6 Kg5
41. Rxc5 Rb2+ 42. Ke3 Kf5 43. d6 Rb3+ 44. Kf2 Rd3 45. Rc6 g5 46. h3 g4 47. Ke2
Rd4 48. h4 Ke4 49. Ra6 Rd5 50. Ra4+ Kf5 51. Ra6 e4 52. d7 Rxd7 53. Rh6 Rd3 54.
Rxh5+ Kf6 55. Kf2 Rf3+ 56. Kg2 e3 57. Ra5 e2 58. Ra1 Kf5 59. Re1 Re3 60. Kf2
Rf3+ 61. Kg2 Re3 62. Kf2 Rf3+ 63. Kg2 Re3 1/2-1/2

[Event "5th Classic Open 2013"]
[Site "London ENG"]
[Date "2013.12.14"]
[Round "8.63"]
[White "Baterdene, Tsogbayar"]
[Black "De Andres Gonalons, Fernando"]
[Result "1-0"]
[WhiteElo "1816"]
[BlackElo "2040"]
[WhiteFideId "4901592"]
[BlackFideId "2221896"]
[EventDate "2013.12.07"]

1. e4 e6 2. d4 d5 3. Nd2 dxe4 4. Nxe4 Nd7 5. Nf3 Be7 6. Bd3 Ngf6 7. Nxf6+ Bxf6
8. O-O c5 9. Bb5 cxd4 10. Nxd4 O-O 11. c3 Nb6 12. Nf3 Qe7 13. Qe2 a6 14. Bd3 Rd8
15. Rd1 g6 16. Bh6 Bd7 17. Ne5 Be8 18. Ng4 Bg7 19. Bxg7 Kxg7 20. h4 Nd7 21. h5
gxh5 22. Ne3 Nf6 23. Nf5+ 1-0

[Event "5th Classic Open 2013"]
[Site "London ENG"]
[Date "2013.12.14"]
[Round "8.64"]
[White "Duncan, Patrick C M"]
[Black "Peck, Silas"]
[Result "1/2-1/2"]
[WhiteElo "2035"]
[BlackElo "1803"]
[WhiteFideId "405787"]
[BlackFideId "432865"]
[EventDate "2013.12.07"]

1. b3 e5 2. Bb2 Nc6 3. e3 Nf6 4. c4 d5 5. cxd5 Nxd5 6. a3 Be6 7. Qc2 Qd7 8. Nf3
f6 9. Bb5 Bg4 10. Be2 O-O-O 11. O-O f5 12. d3 Bd6 13. Nc3 Nxc3 14. Bxc3 Rhe8 15.
b4 e4 16. dxe4 fxe4 17. Nd4 Bxe2 18. Qxe2 Ne5 19. Nb5 Qf5 20. Nxd6+ Rxd6 21.
Bxe5 Qxe5 22. Rfd1 Red8 23. h3 Rd2 24. Rxd2 Qxa1+ 25. Kh2 Qe5+ 26. g3 Rxd2 27.
Qxd2 c6 28. Qa2 Qf6 29. Kg2 Kc7 30. Qc2 Qf3+ 31. Kg1 g5 32. Qc3 Qd1+ 33. Kh2 Qf3
34. Qd2 a6 35. Kg1 h5 36. Qd4 g4 37. Qe5+ Kb6 38. Qc5+ Kc7 39. Qxh5 Qd1+ 40. Kh2
Qf3 41. Qe5+ Kd7 42. Qb2 gxh3 43. Kxh3 Qh5+ 44. Kg2 Qf3+ 45. Kg1 Qd1+ 46. Kh2
Qh5+ 1/2-1/2

[Event "5th Classic Open 2013"]
[Site "London ENG"]
[Date "2013.12.14"]
[Round "8.65"]
[White "Arapalea, Daniel-Ionel"]
[Black "Ditmas, Hugh"]
[Result "0-1"]
[WhiteElo "1814"]
[BlackElo "2034"]
[WhiteFideId "1232614"]
[BlackFideId "1270666"]
[EventDate "2013.12.07"]

1. e4 c5 2. c4 Nc6 3. Nf3 e5 4. Nc3 d6 5. h3 g6 6. d3 Bg7 7. Nd5 f6 8. Be2 Nge7
9. Bd2 O-O 10. Qc1 Bd7 11. g4 Nxd5 12. cxd5 Nd4 13. Nxd4 cxd4 14. b3 Rf7 15. f4
f5 16. gxf5 gxf5 17. h4 Bf6 18. h5 fxe4 19. dxe4 exf4 20. Bxf4 Rc8 21. Rg1+ Kh8
22. Qd2 d3 23. e5 dxe5 24. Bg5 dxe2 25. Rc1 Rxc1+ 26. Qxc1 Bxg5 27. Qxg5 Qxg5
28. Rxg5 Bb5 29. Rxe5 Rf1+ 30. Kd2 Rd1+ 0-1

[Event "5th Classic Open 2013"]
[Site "London ENG"]
[Date "2013.12.14"]
[Round "8.67"]
[White "Gschwendtner, Stanislav"]
[Black "Altman, Joshua"]
[Result "1-0"]
[BlackTitle "CM"]
[WhiteElo "1999"]
[BlackElo "1626"]
[WhiteFideId "307297"]
[BlackFideId "426210"]
[EventDate "2013.12.07"]

1. c4 e5 2. g3 c6 3. d4 e4 4. f3 exf3 5. Nxf3 d5 6. Bg2 Nf6 7. cxd5 cxd5 8. O-O
Be7 9. Nc3 Nc6 10. Ne5 O-O 11. Nxc6 bxc6 12. e4 Be6 13. e5 Nd7 14. Be3 Bg5 15.
Bf4 Bxf4 16. gxf4 f5 17. Qd2 Nb6 18. b3 Qe7 19. Rac1 Rac8 20. a4 Nd7 21. Rf3 Rf7
22. Nb5 Rff8 23. Nd6 Rc7 24. Rfc3 Nb8 25. Qe2 g6 26. b4 Qd7 27. b5 Rd8 28. Qc2
Qg7 29. bxc6 a5 30. Qb3 Kh8 31. Bxd5 Bxd5 32. Qxd5 Rf8 33. Qf3 Qe7 34. Kh1 Rd8
35. Rb1 Kg7 36. d5 Kh8 37. Rcb3 Qf8 38. Qc3 Kg8 39. Rb7 Rxb7 40. Rxb7 Rc8 41.
Nxc8 Qxc8 42. e6 1-0

[Event "5th Classic Open 2013"]
[Site "London ENG"]
[Date "2013.12.14"]
[Round "8.68"]
[White "Solli, Oddvar"]
[Black "Taylor, William J"]
[Result "0-1"]
[WhiteElo "1849"]
[BlackElo "2017"]
[WhiteFideId "1501208"]
[BlackFideId "423130"]
[EventDate "2013.12.07"]

1. d4 Nf6 2. c4 g6 3. Nc3 Bg7 4. e4 d6 5. Be2 O-O 6. Nf3 e5 7. O-O Nc6 8. d5 Ne7
9. b4 a5 10. Ba3 axb4 11. Bxb4 b6 12. a4 Ne8 13. Nb5 f5 14. Nd2 Bh6 15. exf5
gxf5 16. a5 c5 17. dxc6 Nxc6 18. Bc3 bxa5 19. Ne4 fxe4 20. Qd5+ Kh8 21. Qxc6 Ra6
22. Qxe4 Rf4 23. Qd5 Qe7 24. Qd1 Bb7 25. Bxa5 Qh4 26. c5 dxc5 27. Qd7 Bc6 28.
Qc8 Rf6 29. Bd8 Rg6 30. Qxc6 Qxd8 31. Qxc5 Qa8 32. g3 Rxa1 0-1

[Event "5th Classic Open 2013"]
[Site "London ENG"]
[Date "2013.12.14"]
[Round "8.69"]
[White "McKerracher, Douglas"]
[Black "Kane, Robert"]
[Result "0-1"]
[WhiteElo "2010"]
[BlackElo "1866"]
[WhiteFideId "2401002"]
[BlackFideId "420468"]
[EventDate "2013.12.07"]

1. e4 c6 2. d3 d5 3. Nd2 e5 4. Ngf3 Bd6 5. g3 Nf6 6. Bg2 O-O 7. O-O Re8 8. Re1
dxe4 9. dxe4 Be6 10. Qe2 h6 11. Nc4 Bxc4 12. Qxc4 Nbd7 13. Nh4 Nb6 14. Qe2 Qc7
15. Nf5 Bb4 16. c3 Bf8 17. Qf3 Nh7 18. Bf1 Re6 19. b3 Rd8 20. Be3 Ng5 21. Bxg5
hxg5 22. Red1 g6 23. Rxd8 Qxd8 24. Rd1 Qf6 25. Bh3 gxf5 26. Bxf5 Rd6 27. Rf1 Nd7
28. c4 Kg7 29. Qg4 Nc5 30. h4 Be7 31. Kg2 Rd2 32. hxg5 Qxg5 33. Qh3 Bf6 34. Bh7
Qh6 35. Qg4+ Qg5 36. Qc8 Rd8 37. Qh3 Ne6 38. Kg1 Rh8 0-1

[Event "5th Classic Open 2013"]
[Site "London ENG"]
[Date "2013.12.14"]
[Round "8.70"]
[White "Amato, Giampiero"]
[Black "Gupta, Arul"]
[Result "1-0"]
[WhiteElo "2009"]
[BlackElo "1840"]
[WhiteFideId "813303"]
[BlackFideId "422622"]
[EventDate "2013.12.07"]

1. e4 e5 2. Nf3 Nc6 3. Bb5 a6 4. Ba4 Nf6 5. O-O Be7 6. Re1 b5 7. Bb3 d6 8. c3
O-O 9. h3 Na5 10. Bc2 c5 11. d4 Qc7 12. Nbd2 cxd4 13. cxd4 Nc6 14. Nb3 a5 15.
Be3 a4 16. Nbd2 Bd7 17. Rc1 Qb7 18. Qe2 Rfe8 19. a3 Bd8 20. Bd3 Rb8 21. Rc2 exd4
22. Nxd4 Ne5 23. Bf4 Bb6 24. N4f3 Bc6 25. Nxe5 dxe5 26. Bg3 Qd7 27. Nf3 Bc7 28.
Rec1 Rb6 29. Qe3 Ra6 30. Bxb5 Bxb5 31. Rxc7 Qd3 32. Qxd3 Bxd3 33. Nxe5 Bxe4 34.
Nxf7 Nd5 35. Nd6 Nxc7 36. Rxc7 Rxd6 37. Bxd6 Bd5 38. Bb4 g6 39. Bc3 Re2 40. Rg7+
Kf8 41. Rxh7 Be4 42. Ra7 Bc2 43. g4 Re4 44. Kg2 Ke8 45. Kg3 Re7 46. Ra6 Rd7 47.
h4 Kf7 48. Ra5 Bd1 49. Kf4 Bc2 50. Kg5 Bb3 51. f4 Rd5+ 52. Rxd5 Bxd5 53. h5 gxh5
54. Kxh5 Bf3 55. f5 Be2 56. Kg5 Bd1 57. Kf4 Be2 58. g5 Bd3 59. g6+ Kg8 60. Kg5
Bc2 61. f6 Bb3 62. f7+ Bxf7 63. gxf7+ Kxf7 64. Kf5 Ke7 65. Ke5 Kd7 66. Kd5 Kc7
67. Kc5 Kb7 68. Kb5 1-0

[Event "5th Classic Open 2013"]
[Site "London ENG"]
[Date "2013.12.14"]
[Round "8.71"]
[White "Calvert, D Ian"]
[Black "Dror, Levi"]
[Result "1/2-1/2"]
[WhiteElo "2002"]
[BlackElo "1835"]
[WhiteFideId "406368"]
[BlackFideId "2809583"]
[EventDate "2013.12.07"]

1. b3 Nc6 2. Bb2 d6 3. e3 Nf6 4. Nf3 g6 5. Bxf6 exf6 6. c4 Bg7 7. Nc3 Bf5 8. d4
O-O 9. Rc1 Re8 10. Bd3 Bxd3 11. Qxd3 f5 12. O-O Nb4 13. Qb1 a5 14. a3 Na6 15. b4
axb4 16. axb4 c6 17. b5 Nc7 18. Qb3 Qd7 19. Ra1 Ne6 20. Rxa8 Rxa8 21. Rb1 f4 22.
Ne4 fxe3 23. fxe3 Re8 24. Ned2 Qe7 25. bxc6 bxc6 26. Qb7 Nd8 27. Qxe7 1/2-1/2

[Event "5th Classic Open 2013"]
[Site "London ENG"]
[Date "2013.12.14"]
[Round "8.72"]
[White "Shepley, Julien M"]
[Black "Kalerwa, Edwin M"]
[Result "1-0"]
[WhiteElo "1986"]
[BlackElo "1820"]
[WhiteFideId "403210"]
[BlackFideId "422223"]
[EventDate "2013.12.07"]

1. e4 c5 2. Nf3 d6 3. d3 Nc6 4. c3 g6 5. Nbd2 Bg7 6. Qc2 Nf6 7. Be2 O-O 8. Nf1
e5 9. Ng3 d5 10. exd5 Nxd5 11. h4 h6 12. Bd2 Be6 13. Qc1 Nf4 14. Bxf4 exf4 15.
Qxf4 Qb6 16. O-O Qxb2 17. Rab1 Qxa2 18. Rxb7 Bd5 19. c4 Nd4 20. cxd5 Nxe2+ 21.
Nxe2 Qxe2 22. Qc4 a5 23. Re1 Qxe1+ 24. Nxe1 a4 25. Qxc5 Rfc8 26. Rc7 Rcb8 27.
Qe7 Rf8 28. Nc2 a3 29. d6 1-0

[Event "5th Classic Open 2013"]
[Site "London ENG"]
[Date "2013.12.14"]
[Round "8.73"]
[White "James, Angus S"]
[Black "Torgersen, Markus"]
[Result "1-0"]
[WhiteElo "1941"]
[BlackElo "1732"]
[WhiteFideId "470503"]
[BlackFideId "1511653"]
[EventDate "2013.12.07"]

1. e4 c6 2. d4 d5 3. exd5 cxd5 4. Bd3 Nc6 5. c3 Nf6 6. Bf4 Bg4 7. Qb3 Qd7 8. Nd2
e6 9. Ngf3 Bxf3 10. Nxf3 Bd6 11. Bxd6 Qxd6 12. O-O Rb8 13. Rae1 O-O 14. Ne5 b5
15. Qc2 Rfc8 16. Qe2 b4 17. g4 bxc3 18. bxc3 Qa3 19. Nxf7 Kxf7 20. Qxe6+ Kf8 21.
g5 Nxd4 22. Qh3 Rxc3 23. gxf6 Rxd3 24. Qxh7 gxf6 25. Qh8+ Kf7 26. Qxb8 Nf3+ 27.
Kh1 Nxe1 28. Rxe1 Rf3 29. Qe8+ Kg7 30. Rg1+ 1-0

[Event "5th Classic Open 2013"]
[Site "London ENG"]
[Date "2013.12.14"]
[Round "8.74"]
[White "White, David J"]
[Black "Reutimann, Hans Peter"]
[Result "0-1"]
[WhiteElo "1915"]
[BlackElo "1814"]
[WhiteFideId "402931"]
[BlackFideId "1313886"]
[EventDate "2013.12.07"]

1. e4 d6 2. d4 Nf6 3. Nc3 g6 4. f4 Bg7 5. Nf3 c6 6. Bd3 Qb6 7. O-O O-O 8. Na4
Qc7 9. c4 Nbd7 10. e5 Ne8 11. Ng5 Nb6 12. Nc3 Bh6 13. e6 f5 14. Nf7 Bg7 15. d5
Bxc3 16. bxc3 cxd5 17. cxd5 Nxd5 18. Qe1 Qxc3 19. Qe2 Qc5+ 20. Kh1 Ndf6 21. Bb2
Rxf7 22. exf7+ Kxf7 23. Rac1 Qb6 24. Rfe1 Qd8 25. Bc4+ d5 26. Rcd1 e6 27. Bb5
Ne4 28. g4 Qh4 29. Rg1 Nf2+ 30. Kg2 Nxd1 31. Rxd1 Qxg4+ 32. Qxg4 fxg4 33. Be5 a6
34. Be2 b5 35. Bxg4 Bb7 36. h4 h5 37. Be2 Rc8 38. Bd3 Nf6 39. Kh3 Rc6 40. Rg1
Ng4 41. Bd4 Bc8 42. Be5 Nf2+ 0-1

[Event "5th Classic Open 2013"]
[Site "London ENG"]
[Date "2013.12.14"]
[Round "8.77"]
[White "Opasiak, Dustin Tennessee"]
[Black "Barasi, Paul Dl"]
[Result "1-0"]
[WhiteElo "1796"]
[BlackElo "1914"]
[WhiteFideId "24630217"]
[BlackFideId "432830"]
[EventDate "2013.12.07"]

1. e4 c5 2. Nf3 a6 3. d3 Nc6 4. g3 d6 5. Bg2 Nf6 6. O-O g6 7. Nbd2 Bg7 8. Re1
O-O 9. Nc4 d5 10. Ncd2 d4 11. a4 e5 12. Nc4 Ne8 13. a5 Be6 14. Nb6 Rb8 15. Bd2
f6 16. Qe2 Nc7 17. h3 Qd6 18. b3 Nb5 19. Nc4 Qd8 20. Rf1 Rc8 21. Qe1 Rc7 22. Nh2
Bxc4 23. bxc4 Rff7 24. cxb5 axb5 25. Ra2 c4 26. Bb4 Nb8 27. Qb1 Na6 28. Qb2 Qd7
29. Rb1 Nc5 30. Bxc5 Rxc5 31. a6 bxa6 32. Rxa6 Qc8 33. Rb6 cxd3 34. cxd3 Rc2 35.
Qxb5 Qc3 36. Nf3 Bf8 37. Qb3 Qxb3 38. R6xb3 Rfc7 39. Ne1 Ra2 40. h4 Rc6 41. Rb6
Rxb6 42. Rxb6 Bh6 43. Rb1 Bd2 44. Bh3 Kg7 45. Be6 Ra3 46. Bc4 f5 47. Rb7+ Kf8
48. Nf3 Ra1+ 49. Kg2 fxe4 50. dxe4 Bc3 51. Nxe5 Rc1 52. Nd3 Rc2 53. Rxh7 Bd2 54.
Bd5 Ke8 55. Rb7 1-0

[Event "5th Classic Open 2013"]
[Site "London ENG"]
[Date "2013.12.14"]
[Round "8.78"]
[White "Matthew, Ian G"]
[Black "Miu, Marinel"]
[Result "1/2-1/2"]
[WhiteElo "1910"]
[BlackElo "1683"]
[WhiteFideId "423165"]
[BlackFideId "1220691"]
[EventDate "2013.12.07"]

1. e4 d5 2. exd5 Qxd5 3. Nc3 Qe5+ 4. Qe2 Qxe2+ 5. Ngxe2 Nf6 6. d4 c6 7. Bf4 Bf5
8. O-O-O e6 9. f3 h5 10. Ng3 Bg6 11. Bd3 Bxd3 12. Rxd3 Nbd7 13. Nge4 Be7 14.
Nd6+ Bxd6 15. Bxd6 O-O-O 16. Ne4 Nb6 17. Be7 Nxe4 18. fxe4 Rd7 19. Bh4 Nc4 20.
e5 Nb6 21. Rf1 Rh7 22. b3 Na8 23. c3 Nc7 24. Kc2 Nd5 25. Rdf3 g6 26. Be1 b6 27.
Bd2 Kb7 28. Rg3 Ne7 29. Rh3 Nf5 30. g4 Ng7 31. gxh5 Nxh5 32. Rhf3 a5 33. a4 Kc7
34. Kd3 Kd8 35. b4 axb4 36. cxb4 Ke8 37. Rc1 Rc7 38. b5 Kd7 39. bxc6+ Rxc6 40.
Rxc6 Kxc6 41. Ke4 Rg7 42. Rc3+ Kb7 43. Bg5 Rg8 44. Rf3 Rg7 45. Rb3 Ka6 46. Bd8
Ka5 47. Rxb6 Kxa4 48. Kd3 Rg8 49. Kc4 Ka3 50. Be7+ Ka2 51. Kc3 Rc8+ 52. Bc5 Nf4
53. Kc2 Ra8 54. Rb7 Ra4 55. Rxf7 Rc4+ 56. Kd2 Nd5 57. Rg7 Kb3 58. Rb7+ Ka2 59.
Ra7+ Kb2 60. Rb7+ 1/2-1/2

[Event "5th Classic Open 2013"]
[Site "London ENG"]
[Date "2013.12.14"]
[Round "8.80"]
[White "De Lagontrie, Jean"]
[Black "Clayton, Tristan"]
[Result "1/2-1/2"]
[WhiteElo "1775"]
[BlackElo "1832"]
[WhiteFideId "605271"]
[BlackFideId "416533"]
[EventDate "2013.12.07"]

1. d4 d5 2. c4 e6 3. Nc3 Nf6 4. cxd5 exd5 5. Bg5 Be7 6. e3 c6 7. Qc2 Nbd7 8. Bd3
O-O 9. Nf3 Re8 10. O-O Nf8 11. h3 Ng6 12. Bxf6 Bxf6 13. b4 a6 14. a4 Be6 15. b5
axb5 16. axb5 Qd7 17. bxc6 bxc6 18. Rxa8 Rxa8 19. Na4 Bxh3 20. gxh3 Qxh3 21. Be2
Ne7 22. Nc5 g5 23. Nh2 h5 24. Kh1 g4 25. Nd3 g3 26. fxg3 Nf5 27. Nf4 Nxg3+ 28.
Kg1 Qh4 29. Ng2 Qg5 30. Rb1 h4 31. Bg4 Re8 32. Qd3 Re4 33. Bh3 Qg6 34. Nf3 Nf5
35. Bxf5 Qxf5 36. Rf1 Qg6 37. Nxh4 Bxh4 38. Rf4 Rxf4 39. Qxg6+ fxg6 40. Nxf4 Bg5
41. Kf2 Bxf4 42. exf4 Kf8 43. Kg3 Kg7 44. Kh4 Kf6 45. Kg4 Kg7 46. Kg5 Kf7 47. f5
gxf5 48. Kxf5 Ke7 49. Ke5 Kd7 50. Kf4 Kd6 51. Ke3 Ke6 52. Kf4 Kf6 53. Kg4 Kg6 1/2-1/2

[Event "5th Classic Open 2013"]
[Site "London ENG"]
[Date "2013.12.14"]
[Round "8.83"]
[White "Kouchak, Jason"]
[Black "Chilton, James I"]
[Result "0-1"]
[WhiteElo "1740"]
[BlackElo "1778"]
[WhiteFideId "26011379"]
[BlackFideId "423009"]
[EventDate "2013.12.07"]

1. d4 Nf6 2. Nf3 e6 3. Bg5 h6 4. Bh4 g5 5. Bg3 Ne4 6. Nbd2 Nxg3 7. hxg3 Bg7 8.
e3 c5 9. c3 cxd4 10. exd4 Nc6 11. Bd3 d5 12. Qe2 Bd7 13. O-O-O Qc7 14. Kb1 a5
15. Bb5 a4 16. a3 Na7 17. Bxd7+ Qxd7 18. Ne5 Qe7 19. f4 Bxe5 20. fxe5 O-O-O 21.
Rdf1 Rdg8 22. Rf6 Rg6 23. Rhf1 Rh7 24. Qh5 Rxf6 25. Rxf6 Qf8 26. Nf3 Qg7 27. Nh2
Nc6 28. Ng4 Nd8 29. Rxh6 Rxh6 30. Qxh6 Qxh6 31. Nxh6 Kd7 32. Kc2 Ke7 33. Ng8+
Kf8 34. Nf6 Kg7 35. Kd3 Kg6 36. g4 b5 37. Kc2 Nc6 38. b3 Na5 39. bxa4 bxa4 40.
Nd7 Nc4 41. Nc5 Nxa3+ 42. Kb2 Nc4+ 43. Ka2 Ne3 44. Ka3 0-1

[Event "5th Classic Open 2013"]
[Site "London ENG"]
[Date "2013.12.14"]
[Round "8.84"]
[White "Bratteteig, Tore-Inge"]
[Black "Haddock, Paul"]
[Result "0-1"]
[WhiteElo "1696"]
[BlackElo "1668"]
[WhiteFideId "1510711"]
[BlackFideId "419150"]
[EventDate "2013.12.07"]

1. d4 Nf6 2. c4 g6 3. Nf3 Bg7 4. Nc3 d5 5. g3 O-O 6. Bg2 c6 7. c5 Nbd7 8. b4 Re8
9. Bf4 Nh5 10. Ne5 Nxf4 11. gxf4 f6 12. Nd3 e5 13. fxe5 fxe5 14. dxe5 Nxe5 15.
Rc1 Bg4 16. O-O Qh4 17. f3 Bh5 18. Qe1 Qxe1 19. Nxe1 Nc4 20. Nd3 Bxc3 21. Rxc3
Rxe2 22. Rf2 Rae8 23. Rc2 Rxc2 24. Rxc2 g5 25. Kf2 Bg6 26. Rc3 Re3 27. Bf1 Bxd3
28. Rxc4 Bxc4 29. Kxe3 Bxf1 30. f4 h6 31. fxg5 hxg5 32. a4 Kf7 33. Kd4 Ke6 0-1

[Event "5th Classic Open 2013"]
[Site "London ENG"]
[Date "2013.12.14"]
[Round "8.85"]
[White "Warstad, Leif E"]
[Black "Lie, Terje"]
[Result "0-1"]
[WhiteElo "1564"]
[BlackElo "1551"]
[WhiteFideId "1516060"]
[BlackFideId "1504916"]
[EventDate "2013.12.07"]

1. Nf3 c5 2. e4 Nc6 3. d4 e6 4. Nc3 Nf6 5. Bg5 Be7 6. Qd2 cxd4 7. Nxd4 Nxd4 8.
Qxd4 O-O 9. Be2 h6 10. Be3 a6 11. O-O Qc7 12. Qd2 Qc6 13. Bd3 d5 14. exd5 Nxd5
15. Nxd5 Qxd5 16. a4 Bd7 17. c4 Qc6 18. a5 Rad8 19. Bb6 Rde8 20. b4 Qc8 21. Rac1
Bd8 22. Bc5 Bg5 23. f4 Be7 24. Bxe7 Rxe7 25. b5 Qa8 26. Qb4 Rfe8 27. Rfe1 Qa7+
28. b6 Qb8 29. Qd2 Bc6 30. Qf2 Rd8 31. Be4 Qc8 32. g4 Red7 33. Qf3 Bxe4 34. Qxe4
Qc5+ 35. Kf1 Qxa5 36. c5 Qb5+ 37. Kg1 Rc8 38. Qc2 Qc6 39. f5 exf5 40. Qxf5 Rd2
41. Qe4 Rd5 42. Qc4 Rxc5 43. Qxc5 Qxc5+ 44. Rxc5 Rxc5 45. Re8+ Kh7 46. Re7 Kg6
47. Rxb7 Rb5 48. Rb8 a5 49. b7 a4 50. Ra8 Rxb7 51. Rxa4 Rb2 52. h4 f6 53. Ra5
Rb4 54. h5+ Kh7 55. Kf2 Rxg4 56. Kf3 Rb4 57. Kg3 Re4 58. Ra7 Re5 59. Kh4 Rg5 60.
Rd7 Kg8 0-1

[Event "5th Classic Open 2013"]
[Site "London ENG"]
[Date "2013.12.15"]
[Round "9.1"]
[White "Hammer, Jon Ludvig"]
[Black "Gupta, Abhijeet"]
[Result "1-0"]
[WhiteTitle "GM"]
[BlackTitle "GM"]
[WhiteElo "2612"]
[BlackElo "2608"]
[WhiteFideId "1503707"]
[BlackFideId "5010608"]
[EventDate "2013.12.07"]

1. Nf3 Nf6 2. g3 g6 3. Bg2 Bg7 4. c4 c6 5. O-O O-O 6. b3 Ne4 7. d4 d5 8. Bb2 Bf5
9. e3 Qc8 10. Nbd2 Nxd2 11. Qxd2 Bh3 12. Bxh3 Qxh3 13. Qb4 Qd7 14. Ne5 Bxe5 15.
dxe5 Na6 16. Qc3 Qf5 17. cxd5 cxd5 18. Rac1 Rac8 19. Qd4 Nc7 20. Qxa7 Ne6 21.
Qxb7 Ng5 22. f4 Rxc1 23. Bxc1 Nh3+ 24. Kg2 Rc8 25. Bd2 Qg4 26. Re1 g5 27. Qxd5
Rc2 28. f5 h5 29. f6 e6 30. Qd8+ Kh7 31. Qd3+ Qf5 32. Qxf5+ exf5 33. Re2 g4 34.
e6 fxe6 35. f7 Rc8 36. e4 fxe4 37. Bb4 Rc1 38. Bc5 e3 39. Bxe3 1-0